The jaguar's jewel / (Record no. 2260)

MARC details
000 -LEADER
fixed length control field 01256cam a2200385 a 4500
001 - CONTROL NUMBER
control field 2260
003 - CONTROL NUMBER IDENTIFIER
control field FISKH
005 - DATE AND TIME OF LATEST TRANSACTION
control field 20250206155449.0
008 - FIXED-LENGTH DATA ELEMENTS--GENERAL INFORMATION
fixed length control field 990809s2000 nyua b 000 1 eng
010 ## - LIBRARY OF CONGRESS CONTROL NUMBER
LC control number 99040056
020 ## - INTERNATIONAL STANDARD BOOK NUMBER
Canceled/invalid ISBN 0679894586 (trade)
020 ## - INTERNATIONAL STANDARD BOOK NUMBER
International Standard Book Number 0679994580 (GLB)
020 ## - INTERNATIONAL STANDARD BOOK NUMBER
International Standard Book Number 0439326834
035 ## - SYSTEM CONTROL NUMBER
System control number (DLC) 99040056
040 ## - CATALOGING SOURCE
Original cataloging agency DLC
Transcribing agency DLC
Modifying agency DLC
Language of cataloging eng
042 ## - AUTHENTICATION CODE
Authentication code lcac
050 00 - LIBRARY OF CONGRESS CALL NUMBER
Classification number PZ7.R8139
082 00 - DEWEY DECIMAL CLASSIFICATION NUMBER
Classification number 813.54
100 1# - MAIN ENTRY--PERSONAL NAME
Personal name Roy, Ron,
Dates associated with a name 1940-
245 14 - TITLE STATEMENT
Title The jaguar's jewel /
Statement of responsibility, etc. by Ron Roy ; illustrated by John Steven Gurney.
250 ## - EDITION STATEMENT
Edition statement First Scholastic printing, 2001
260 ## - PUBLICATION, DISTRIBUTION, ETC.
Place of publication, distribution, etc. New York :
Name of publisher, distributor, etc. Scholastic,
Date of publication, distribution, etc. 2000.
300 ## - PHYSICAL DESCRIPTION
Extent 87 pages :
Other physical details illustrations ;
Dimensions 20 cm
490 1# - SERIES STATEMENT
Series statement A to Z mysteries
505 ## - FORMATTED CONTENTS NOTE
Formatted contents note M<br/>
520 ## - SUMMARY, ETC.
Summary, etc. Dink and his friends use their detective skills to locate a giant emerald missing from a statue delivered to Uncle Warren's museum in New York City.
521 ## - TARGET AUDIENCE NOTE
Target audience note 540<br/>
Source Lexile<br/><br/>
521 ## - TARGET AUDIENCE NOTE
Target audience note M<br/><br/>
Source Raz-Plus<br/>
650 #1 - SUBJECT ADDED ENTRY--TOPICAL TERM
Topical term or geographic name entry element Mystery and detective stories.
650 #1 - SUBJECT ADDED ENTRY--TOPICAL TERM
Source of heading or term Jaguar
Form subdivision Juvenile Literature
651 #1 - SUBJECT ADDED ENTRY--GEOGRAPHIC NAME
Geographic name New York
Form subdivision Fiction.
700 1# - ADDED ENTRY--PERSONAL NAME
Personal name Gurney, John Steven,
Dates associated with a name 1962-
Relator term illustrator
906 ## - LOCAL DATA ELEMENT F, LDF (RLIN)
a 7
b cbc
c orignew
d 1
e ocip
f 19
g y-gencatlg
942 ## - ADDED ENTRY ELEMENTS (KOHA)
Source of classification or shelving scheme Dewey Decimal Classification
Koha item type Books
Suppress in OPAC No
Holdings
Withdrawn status Lost status Source of classification or shelving scheme Damaged status Not for loan Collection Home library Current library Shelving location Date acquired Total Checkouts Full call number Barcode Date last seen Date last checked out Copy number Price effective from Koha item type Date due
    Dewey Decimal Classification     Juvenile Fiction Footprints International School Library Network Toul Kork Campus Footprints International School Library Network Toul Kork Campus TK Primary Library Room(4th Floor), Bookcase 3&4, Shelves 17-32, Yellow Books 11/14/2023 1 ROY 813.54 PZ7.R8139 FISTK04700 12/19/2025 08/29/2025 1 11/14/2023 Books  
    Dewey Decimal Classification     Juvenile Fiction Footprints International School Library Network Toul Kork Campus Footprints International School Library Network Toul Kork Campus TK Primary Library Room(4th Floor), Bookcase 3&4, Shelves 17-32, Yellow Books 07/04/2024 1 ROY 813.54 PZ7.R8139 FISTK05502 12/19/2025 08/29/2025 2 07/04/2024 Books  
    Dewey Decimal Classification     Juvenile Fiction Footprints International School Library Network Toul Kork Campus Footprints International School Library Network Toul Tom Poung Campus TTP Primary Yellow Bookshelves 02/06/2025 1 ROY 813.54 PZ7.R8139 2025-0435 11/26/2025 11/26/2025 3 07/04/2024 Books 12/10/2025